000 00331nam a2200133Ia 4500
005 20260328101525.0
008 260328s9999||||xx |||||||||||||| ||und||
100 _aTaborda, Felipe
245 0 _aLatin American Graphic Design /
_cFelipe Taborda
260 _bTaschen
300 _a543 p.
650 _aDISEÑO GRÁFICO
942 _cBK
999 _c9751
_d9751